000 00307nam a22001457a 4500
008 230515b ||||| |||| 00| 0 eng d
020 _a0826147518
041 _aeng
080 _a34
082 _a34EDM
100 _a30
101 _aJURE
245 _aVICTIM ASSISTANCE
_cEDMUNDS.CH
942 _2udc
_cBK
999 _c59708
_d59708